| 000 | 08640nam a22007695a 4500 | ||
|---|---|---|---|
| 005 | 20081017051548.0 | ||
| 008 | 081017s2008 ii | 00| 0 eng | ||
| 010 | _aENG-91556 | ||
| 020 |
_a9780195699319 _c295.00 |
||
| 020 |
_a0195699319 _c295.00 |
||
| 035 | _aEN-75089 | ||
| 035 | _aB-346549-580 | ||
| 035 | _aB-379437 | ||
| 037 | _bDBAD / PUB Oxford University Press | ||
| 037 | _bUBH | ||
| 040 |
_adpl _bEnglish |
||
| 082 | _a954.16 | ||
| 100 | _aSpear, Percival | ||
| 245 |
_aDelhi: _cby Percival Spear; updated and annotated by Narayani Gupta and Laura Sykes; illustrated by Ripin Kalra _bits monuments and history / |
||
| 250 | _a3rd ed | ||
| 260 |
_aNew Delhi _bOxford University Press _c2009 |
||
| 300 |
_axvi, 177 p.: _c23cm (Hb) _bill.; maps |
||
| 500 | _aIncludes bibliographical references and index | ||
| 650 |
_aMonuments _zIndia _zDelhi |
||
| 651 |
_aDelhi (India) _xHistory |
||
| 700 | _aGupta, Narayani | ||
| 700 | _aSykes, Laura | ||
| 700 | _aKalra, Ripin | ||
| 942 |
_2ddc _cEN _mSPE _h954.16 |
||
| 999 |
_c18153 _d18153 |
||